[Event "Europa ch 2012 femenino"]
[Site "Gaziantep TUR"]
[Date "2012.03.04"]
[Round "3.29"]
[White "Foisor, Mihaela-Veronica"]
[Black "Michna, Marta"]
[Result "1/2-1/2"]
[PlyCount "115"]
[EventDate "2012.03.02"]
[EventType "swiss"]
[EventRounds "11"]
[EventCountry "TUR"]
[Source "lmi"]
[SourceDate "2012.03.02"]
[WhiteElo "2242"]
[BlackElo "2383"]

1. d4 d6 2. Nf3 g6 3. c4 Bg7 4. Nc3 Nd7 5. g3 e5 6. Bg2 Ne7 7. O-O O-O 8. e3 h6
9. b4 a5 10. b5 exd4 11. Nxd4 Nb6 12. Qd3 Nf5 13. Nd5 Nxd4 14. exd4 Bf5 15. Qc3
c6 16. bxc6 bxc6 17. Ne3 Bd7 18. Rb1 Nc8 19. Ba3 Ra7 20. Qd2 Re8 21. Rb8 Qc7
22. Rfb1 Kh7 23. h4 h5 24. Qd3 Bh6 25. Kh2 f5 26. Bf3 Ne7 27. Rxe8 Bxe8 28. Ng2
f4 29. Bc1 fxg3+ 30. fxg3 Nf5 31. Bxh6 Kxh6 32. Bxh5 Qg7 33. Bg4 Bd7 34. Bxf5
Bxf5 35. Qe3+ Kh7 36. Re1 Rb7 37. Qf4 d5 38. cxd5 cxd5 39. Re2 Be4 40. Qe5 Qf7
41. Qf4 Qg7 42. Qe5 a4 43. Qxg7+ Kxg7 44. Kg1 a3 45. Kf2 Rb2 46. Nf4 Kf7 47.
Ke3 Bb1 48. Nxd5 Rxe2+ 49. Kxe2 Bxa2 50. Nc3 Bc4+ 51. Ke3 a2 52. Nxa2 Bxa2 53.
Kf4 Kf6 54. g4 Bd5 55. Ke3 Be6 56. Kf4 Bd7 57. Kf3 Bc6+ 58. Kf4 1/2-1/2

[Event "Europa ch 2012 femenino"]
[Site "Gaziantep TUR"]
[Date "2012.03.04"]
[Round "3.30"]
[White "Kashlinskaya, Alina"]
[Black "Umudova, Nargiz"]
[Result "1-0"]
[PlyCount "75"]
[EventDate "2012.03.02"]
[EventType "swiss"]
[EventRounds "11"]
[EventCountry "TUR"]
[Source "lmi"]
[SourceDate "2012.03.02"]
[WhiteElo "2377"]
[BlackElo "2220"]

1. d4 g6 2. Nf3 Bg7 3. e4 c5 4. d5 d6 5. Be2 Nf6 6. Nc3 O-O 7. O-O a6 8. a4 h6
9. h3 e6 10. Nd2 e5 11. Nc4 Ne8 12. a5 Nd7 13. Bd3 f5 14. f4 exf4 15. Bxf4 b5
16. Nxd6 c4 17. Be2 g5 18. Bh2 f4 19. Nxc8 Rxc8 20. Bg4 Be5 21. d6 Kg7 22. Nd5
Nef6 23. Ne7 Rc5 24. Nf5+ Kh7 25. c3 Nxg4 26. hxg4 Nf6 27. Qf3 h5 28. gxh5 Rc6
29. Qe2 Qd7 30. Rad1 Rd8 31. Kh1 Qe8 32. g4 fxg3 33. Bxg3 Bxg3 34. Nxg3 Qe5 35.
Rxf6 Qxg3 36. e5 Qh4+ 37. Kg2 Rc5 38. Qc2+ 1-0

[Event "Europa ch 2012 femenino"]
[Site "Gaziantep TUR"]
[Date "2012.03.04"]
[Round "3.31"]
[White "Makropoulou, Marina"]
[Black "Charochkina, Daria"]
[Result "1/2-1/2"]
[PlyCount "132"]
[EventDate "2012.03.02"]
[EventType "swiss"]
[EventRounds "11"]
[EventCountry "TUR"]
[Source "lmi"]
[SourceDate "2012.03.02"]
[WhiteElo "2224"]
[BlackElo "2371"]

1. e4 c6 2. d4 d5 3. Nc3 g6 4. h3 Bg7 5. Nf3 Nf6 6. e5 Ne4 7. Nxe4 dxe4 8. Ng5
c5 9. d5 Bxe5 10. Nxe4 Nd7 11. c3 O-O 12. Bh6 Re8 13. Be2 e6 14. dxe6 Rxe6 15.
Ng5 Re8 16. O-O Nb6 17. Bb5 Bd7 18. Qf3 Qf6 19. Bxd7 Qxf3 20. Bxe8 Qf6 21.
Bxf7+ Kh8 22. f4 Bxf4 23. Be6 Rf8 24. Kh1 Bxg5 25. Rxf6 Rxf6 26. Bxg5 Rxe6 27.
Rd1 Kg7 28. Rd2 h6 29. Bd8 g5 30. b3 Kg6 31. Kg1 Nc8 32. Rd7 Rd6 33. Rxd6+ Nxd6
34. Kf1 Kf5 35. Ke2 Ke4 36. Be7 Nb5 37. Bxc5 Nxc3+ 38. Kd2 Nxa2 39. Bxa7 Nb4
40. Bc5 Nd5 41. Bf8 h5 42. Bh6 g4 43. hxg4 hxg4 44. Ke2 Ne7 45. Bg7 Nf5 46. Bf6
b5 47. b4 Ne3 48. Bg5 Nxg2 49. Kf2 Nf4 50. Kg3 Ne6 51. Be7 Kf5 52. Bd6 Ng5 53.
Bb8 Ne4+ 54. Kh4 Nc3 55. Bc7 Nd5 56. Bd6 Nf4 57. Kg3 Ng6 58. Bc7 Kg5 59. Bd8+
Kh5 60. Bf6 Nf8 61. Kf4 Nd7 62. Bd8 Nb8 63. Be7 Nc6 64. Bd6 Kh4 65. Ke4 Kh3 66.
Kd5 Nxb4+ 1/2-1/2

[Event "Europa ch 2012 femenino"]
[Site "Gaziantep TUR"]
[Date "2012.03.04"]
[Round "3.32"]
[White "Szczepkowska-Horowska, Karina"]
[Black "Alexanian, Nelli"]
[Result "0-1"]
[PlyCount "108"]
[EventDate "2012.03.02"]
[EventType "swiss"]
[EventRounds "11"]
[EventCountry "TUR"]
[Source "lmi"]
[SourceDate "2012.03.02"]
[WhiteElo "2369"]
[BlackElo "2114"]

1. f4 d5 2. Nf3 g6 3. e3 Bg7 4. Be2 c5 5. O-O Nf6 6. Ne5 O-O 7. Bf3 Nbd7 8. d4
Qc7 9. Nc3 e6 10. a4 Rd8 11. a5 a6 12. Qe1 b5 13. axb6 Nxb6 14. Bd2 Bd7 15. g4
cxd4 16. exd4 Nc4 17. Bc1 Qb6 18. Qf2 Rac8 19. Ra2 Bb5 20. Rd1 Nd6 21. Bd2 Qc7
22. Rda1 Rf8 23. Be1 Nfe4 24. Qe3 Nc4 25. Nxb5 axb5 26. Nxc4 Qxc4 27. c3 Nd6
28. Bh4 Rfe8 29. Be2 Qb3 30. Qf2 Ne4 31. Qf1 Rb8 32. Bd1 Qc4 33. Be2 Qb3 34.
Bd1 Qc4 35. Ra7 b4 36. Be2 Qb3 37. f5 exf5 38. Bb5 Rec8 39. Bd7 bxc3 40. bxc3
Rxc3 41. Ra8 Bxd4+ 42. Kh1 Rf3 43. Rxb8+ Qxb8 44. Qxf3 Bxa1 45. gxf5 Qb1+ 46.
Kg2 Qc2+ 47. Kh1 Be5 48. Bg3 Bxg3 49. hxg3 Qc7 50. Be8 Nxg3+ 51. Kg1 Nxf5 52.
Qe2 Qg3+ 53. Kh1 Qh3+ 54. Kg1 Qe3+ 0-1

[Event "Europa ch 2012 femenino"]
[Site "Gaziantep TUR"]
[Date "2012.03.04"]
[Round "3.33"]
[White "Zawadzka, Jolanta"]
[Black "Bezgodova, Svetlana"]
[Result "1-0"]
[PlyCount "109"]
[EventDate "2012.03.02"]
[EventType "swiss"]
[EventRounds "11"]
[EventCountry "TUR"]
[Source "lmi"]
[SourceDate "2012.03.02"]
[WhiteElo "2358"]
[BlackElo "2109"]

1. e4 e5 2. Nf3 Nc6 3. Bb5 a6 4. Ba4 Nf6 5. O-O Be7 6. Qe2 b5 7. Bb3 d6 8. c3
O-O 9. Rd1 Na5 10. Bc2 c5 11. d4 Qc7 12. d5 Nc4 13. b3 Nb6 14. a4 Bd7 15. h3 g6
16. Be3 Nh5 17. Nh2 Ng7 18. Na3 bxa4 19. b4 cxb4 20. cxb4 Rfc8 21. Bd3 Qb7 22.
Nf1 f5 23. f3 fxe4 24. fxe4 Nh5 25. Qd2 Rf8 26. Rab1 Nf4 27. b5 a5 28. Rdc1 Bd8
29. Ng3 Be8 30. Bf1 Qe7 31. Kh2 Rb8 32. Ne2 Nh5 33. Rc2 Qh4 34. g3 Qe7 35. Bg2
Nd7 36. Nc3 Rb7 37. Nxa4 Nxg3 38. Kxg3 Qh4+ 39. Kh2 Nf6 40. Qe1 Ng4+ 41. Kg1
Nxe3 42. Qxe3 Bg5 43. Qd3 Rbf7 44. Nc3 Bd7 45. b6 Bc8 46. Rcb2 Qh6 47. Nc4 Ba6
48. Nb5 Bxb5 49. Rxb5 Rf3 50. Bxf3 Qxh3 51. Qf1 Qh6 52. b7 Be3+ 53. Nxe3 Qxe3+
54. Qf2 Qg5+ 55. Kf1 1-0

[Event "Europa ch 2012 femenino"]
[Site "Gaziantep TUR"]
[Date "2012.03.04"]
[Round "3.36"]
[White "Kharmunova, Nadejda"]
[Black "Mikadze, Miranda"]
[Result "1-0"]
[PlyCount "50"]
[EventDate "2012.03.02"]
[EventType "swiss"]
[EventRounds "11"]
[EventCountry "TUR"]
[Source "lmi"]
[SourceDate "2012.03.02"]
[WhiteElo "2191"]
[BlackElo "2329"]

1. e4 d5 2. exd5 Qxd5 3. Nc3 Qa5 4. d4 Nf6 5. Nf3 Bg4 6. h3 Bh5 7. g4 Bg6 8.
Bg2 Nc6 9. a3 h5 10. g5 Ne4 11. O-O O-O-O 12. Nxe4 Bxe4 13. c3 e5 14. Re1 Bg6
15. b4 Qb5 16. Bf1 Qd5 17. b5 Be4 18. Nd2 Bg6 19. bxc6 Qxc6 20. Qf3 e4 21. Nxe4
Re8 22. Bg2 f6 23. Bd2 Be7 24. Nc5 Qxf3 25. Bxf3 b6 1-0

[Event "Europa ch 2012 femenino"]
[Site "Gaziantep TUR"]
[Date "2012.03.04"]
[Round "3.37"]
[White "Savina, Anastasia"]
[Black "Ozturk, Hilal"]
[Result "0-1"]
[PlyCount "160"]
[EventDate "2012.03.02"]
[EventType "swiss"]
[EventRounds "11"]
[EventCountry "TUR"]
[Source "lmi"]
[SourceDate "2012.03.02"]
[WhiteElo "2325"]
[BlackElo "1784"]

1. d4 d5 2. c4 e6 3. Nc3 Nf6 4. cxd5 exd5 5. Bg5 Be7 6. e3 c6 7. Bd3 O-O 8. Qc2
Nbd7 9. Nge2 Re8 10. O-O Nf8 11. f3 b5 12. Bh4 Bb7 13. Bf2 a6 14. a3 c5 15.
dxc5 Bxc5 16. Nd4 N8d7 17. Rad1 Bb6 18. Bf5 Ne5 19. b3 Qe7 20. a4 bxa4 21. Nxa4
Ba7 22. Rc1 g6 23. Bh3 Nh5 24. f4 Nd7 25. Nc6 Bxc6 26. Qxc6 Red8 27. Bxd7 Qxd7
28. Nb6 Qxc6 29. Rxc6 Rab8 30. Na4 Rxb3 31. Re1 Re8 32. Rxa6 Bxe3 33. Bxe3
Rbxe3 34. Rxe3 Rxe3 35. g3 Re8 36. Rd6 Re1+ 37. Kf2 Rh1 38. Kg2 Rd1 39. Nc3
Rd2+ 40. Kh3 Nxf4+ 41. gxf4 Rd3+ 42. Kg2 Rxc3 43. Rxd5 Kg7 44. Rd6 Rc7 45. Kg3
Kh6 46. f5 Kh5 47. fxg6 hxg6 48. Rd5+ f5 49. Rd8 Rc3+ 50. Kf4 Rc4+ 51. Kg3 Kg5
52. Rd6 f4+ 53. Kf3 Rc3+ 54. Kg2 Re3 55. Ra6 Kf5 56. h3 Re6 57. Ra4 Kg5 58. Ra8
Rf6 59. Kf3 Rf5 60. Ra6 Rb5 61. h4+ Kf5 62. Ra3 Re5 63. Ra6 Re3+ 64. Kg2 Re6
65. Ra4 Kg4 66. Kf1 Rf6 67. h5 Kxh5 68. Kg2 Kg4 69. Ra2 g5 70. Rb2 Re6 71. Rb5
Re2+ 72. Kg1 f3 73. Ra5 Re4 74. Kf2 Rf4 75. Ra1 Rf5 76. Ra8 Rf4 77. Ra1 Rb4 78.
Ra2 Kf4 79. Ra5 g4 80. Ra2 g3+ 0-1

[Event "Europa ch 2012 femenino"]
[Site "Gaziantep TUR"]
[Date "2012.03.04"]
[Round "3.39"]
[White "Tsiganova, Monika"]
[Black "Borosova, Zuzana"]
[Result "1/2-1/2"]
[PlyCount "84"]
[EventDate "2012.03.02"]
[EventType "swiss"]
[EventRounds "11"]
[EventCountry "TUR"]
[Source "lmi"]
[SourceDate "2012.03.02"]
[WhiteElo "2185"]
[BlackElo "2302"]

1. d4 Nf6 2. Nf3 e6 3. e3 b6 4. Bd3 Bb7 5. Nbd2 d5 6. O-O Bd6 7. b3 O-O 8. Bb2
Ne4 9. c4 Nd7 10. Qc2 f5 11. Ne5 Nxd2 12. Qxd2 Bxe5 13. dxe5 Nc5 14. Be2 dxc4
15. Qxd8 Rfxd8 16. Bxc4 Ba6 17. Bxa6 Nxa6 18. Rfd1 Kf7 19. Kf1 Ke8 20. Ke2 Rxd1
21. Rxd1 Rd8 22. Rxd8+ Kxd8 23. Ba3 c5 24. e4 Kd7 25. Ke3 Nc7 26. Bb2 Ke7 27.
h4 g6 28. a4 fxe4 29. Kxe4 Nd5 30. Bc1 Nb4 31. Bd2 Nc6 32. Bc3 a6 33. g4 b5 34.
axb5 axb5 35. Bd2 Nd4 36. b4 Nb3 37. Bg5+ Kd7 38. bxc5 Nxc5+ 39. Kd4 Nb3+ 40.
Kc3 Nc5 41. Kd4 Nb3+ 42. Kc3 Nc5 1/2-1/2

[Event "Europa ch 2012 femenino"]
[Site "Gaziantep TUR"]
[Date "2012.03.04"]
[Round "3.40"]
[White "Mamedjarova, Turkan"]
[Black "Isgandarova, Khayala"]
[Result "1/2-1/2"]
[PlyCount "112"]
[EventDate "2012.03.02"]
[EventType "swiss"]
[EventRounds "11"]
[EventCountry "TUR"]
[Source "lmi"]
[SourceDate "2012.03.02"]
[WhiteElo "2284"]
[BlackElo "2203"]

1. e4 e6 2. d4 d5 3. Nc3 Bb4 4. e5 c5 5. a3 Bxc3+ 6. bxc3 Ne7 7. Qg4 cxd4 8.
cxd4 Qc7 9. Bd2 Qxc2 10. Rc1 Qg6 11. Qxg6 hxg6 12. Nf3 Nbc6 13. g4 Bd7 14. h4
Rc8 15. Bd3 a6 16. Ke2 Na7 17. Rb1 b5 18. Rbg1 f6 19. h5 Kf7 20. exf6 gxf6 21.
hxg6+ Nxg6 22. Bxg6+ Kxg6 23. g5 Rxh1 24. Rxh1 Rf8 25. gxf6 Kxf6 26. Ne5 Be8
27. Rh6+ Kg7 28. Rxe6 Bh5+ 29. f3 Re8 30. Rxa6 Nc8 31. Kf2 Ne7 32. Rd6 Rc8 33.
Rd7 Kf6 34. Bg5+ Kxg5 35. Rxe7 Ra8 36. Rd7 Rxa3 37. Kg3 Kf6 38. Rxd5 Be8 39.
Rd6+ Ke7 40. Rb6 Ra4 41. d5 Rd4 42. Rd6 Ra4 43. Rb6 Rd4 44. Nc6+ Bxc6 45. dxc6
Rc4 46. Rb7+ Kf6 47. c7 b4 48. f4 Kf5 49. Rxb4 Rxc7 50. Rb5+ Kf6 51. Kg4 Rc6
52. Rh5 Kg6 53. f5+ Kg7 54. Kg5 Rc1 55. f6+ Kf7 56. Rh7+ Kf8 1/2-1/2

[Event "Europa ch 2012 femenino"]
[Site "Gaziantep TUR"]
[Date "2012.03.04"]
[Round "3.41"]
[White "Rakic, Marija"]
[Black "Mareckova, Martina"]
[Result "1-0"]
[PlyCount "55"]
[EventDate "2012.03.02"]
[EventType "swiss"]
[EventRounds "11"]
[EventCountry "TUR"]
[Source "lmi"]
[SourceDate "2012.03.02"]
[WhiteElo "2270"]
[BlackElo "2114"]

1. d4 Nf6 2. c4 g6 3. Nc3 Bg7 4. e4 d6 5. h3 O-O 6. Be3 e5 7. d5 c6 8. Nf3 a5
9. Be2 Na6 10. O-O cxd5 11. cxd5 Nc5 12. Nd2 Ne8 13. Nc4 b6 14. a3 f5 15. b4
axb4 16. axb4 Rxa1 17. Qxa1 Nxe4 18. Nxe4 fxe4 19. Bxb6 Qg5 20. Qa3 Kh8 21. b5
Bb7 22. Ne3 h5 23. Rd1 Bc8 24. Nf1 Qe7 25. Be3 Qb7 26. b6 Bf6 27. Bb5 Bd7 28.
Qa7 1-0

[Event "Europa ch 2012 femenino"]
[Site "Gaziantep TUR"]
[Date "2012.03.04"]
[Round "3.44"]
[White "Kaya, Emel"]
[Black "Shaydullina, Sandugach"]
[Result "0-1"]
[PlyCount "64"]
[EventDate "2012.03.02"]
[EventType "swiss"]
[EventRounds "11"]
[EventCountry "TUR"]
[Source "lmi"]
[SourceDate "2012.03.02"]
[WhiteElo "1997"]
[BlackElo "2197"]

1. e4 c5 2. Nf3 d6 3. d4 cxd4 4. Nxd4 Nf6 5. f3 Nc6 6. c4 Qb6 7. Nc2 e6 8. Nc3
Be7 9. Be2 O-O 10. Rb1 Rd8 11. Be3 Qc7 12. O-O d5 13. cxd5 exd5 14. exd5 Be6
15. Qe1 Nxd5 16. Nxd5 Bxd5 17. b3 Re8 18. Qf2 Qa5 19. Nd4 Bf6 20. Nxc6 Bxc6 21.
Bc4 b5 22. b4 Qc7 23. Bb3 Be5 24. g3 Rad8 25. Bxa7 Rd3 26. f4 Bc3 27. Rbd1 Qd7
28. f5 Ba8 29. h4 Qb7 30. Kh2 Rxd1 31. Rxd1 Be1 32. Qg1 Qf3 0-1

[Event "Europa ch 2012 femenino"]
[Site "Gaziantep TUR"]
[Date "2012.03.04"]
[Round "3.45"]
[White "Cemhan, Kardelen"]
[Black "Olsarova, Karolina"]
[Result "0-1"]
[PlyCount "112"]
[EventDate "2012.03.02"]
[EventType "swiss"]
[EventRounds "11"]
[EventCountry "TUR"]
[Source "lmi"]
[SourceDate "2012.03.02"]
[WhiteElo "1954"]
[BlackElo "2189"]

1. e4 Nf6 2. e5 Nd5 3. d4 d6 4. c4 Nb6 5. f4 dxe5 6. fxe5 Nc6 7. Be3 Bf5 8. Nc3
e6 9. Nf3 Bg4 10. Qd2 Qd7 11. Be2 O-O-O 12. O-O-O Bb4 13. h3 Bh5 14. g4 Bg6 15.
Bd3 Na5 16. c5 Nbc4 17. Qe2 Nxe3 18. Qxe3 Bxd3 19. Qxd3 Bxc5 20. Ne4 Bb6 21.
Rh2 Nc6 22. Rhd2 Nb4 23. Qc4 Nd5 24. Rd3 Nf4 25. R3d2 Nd5 26. Rd3 Nf4 27. Rb3
Kb8 28. h4 h5 29. g5 Qd5 30. Qxd5 Rxd5 31. Nc3 Rd7 32. Kc2 Rhd8 33. Rb4 a6 34.
a4 Ba5 35. Rb3 Ka8 36. Ne4 Bb6 37. Rb4 Ne2 38. g6 fxg6 39. Neg5 Nxd4+ 40. Nxd4
Rxd4 41. Rbxd4 Rxd4 42. Nxe6 Re4 43. Nf8 Rxe5 44. Nxg6 Re4 45. Rd5 Rxa4 46.
Rxh5 Bd4 47. Ne7 b5 48. b3 Ra2+ 49. Kd3 Bf6 50. Nd5 Kb7 51. Nxf6 gxf6 52. Rh8
Rb2 53. Kc3 Rh2 54. h5 c5 55. h6 Rh3+ 56. Kc2 Kb6 0-1

[Event "Europa ch 2012 femenino"]
[Site "Gaziantep TUR"]
[Date "2012.03.04"]
[Round "3.46"]
[White "Soyunlu, Narmin"]
[Black "Coimbra, Margarida"]
[Result "0-1"]
[PlyCount "122"]
[EventDate "2012.03.02"]
[EventType "swiss"]
[EventRounds "11"]
[EventCountry "TUR"]
[Source "lmi"]
[SourceDate "2012.03.02"]
[WhiteElo "1842"]
[BlackElo "2156"]

1. c4 e6 2. d4 d5 3. cxd5 exd5 4. Nc3 c6 5. Qc2 Nf6 6. Bg5 Be7 7. e3 Nbd7 8.
Bd3 O-O 9. Nge2 Re8 10. O-O Ne4 11. Bxe7 Qxe7 12. Bxe4 dxe4 13. d5 Nf6 14. dxc6
bxc6 15. Qa4 Bd7 16. Rac1 a5 17. Rfd1 h6 18. Qc2 Rab8 19. Ng3 Be6 20. b3 Bd5
21. Na4 Qe5 22. Qc3 Qxc3 23. Rxc3 Nd7 24. Nf5 Nb6 25. Nc5 a4 26. bxa4 Ra8 27.
Rd4 Ra5 28. Rb4 Nc8 29. h3 Bxa2 30. Nd4 Bd5 31. Ncb3 Ra6 32. Nc5 Ra5 33. Nb7
Ra6 34. a5 Re7 35. Nb3 Ra7 36. N3c5 Kh7 37. a6 Rc7 38. Rc1 Kg6 39. Rcb1 f5 40.
Kf1 Kf6 41. Ke1 Ke7 42. Kd2 Nd6 43. Rd4 Rc8 44. Kc3 Nxb7 45. axb7 Rb8 46. Rdb4
Kd6 47. Kd4 Ra5 48. Rc1 Ra2 49. Rbb1 Rd2+ 50. Kc3 Ra2 51. Kd4 Rd2+ 52. Kc3 Ra2
53. Kb4 g6 54. Ra1 Rb2+ 55. Kc3 Rb5 56. Na6 R8xb7 57. Rc2 Ra7 58. Rb2 Rxb2 59.
Kxb2 c5 60. Kc2 Bc4 61. Rd1+ Bd3+ 0-1

[Event "Europa ch 2012 femenino"]
[Site "Gaziantep TUR"]
[Date "2012.03.04"]
[Round "3.47"]
[White "Cherednichenko, Elena"]
[Black "Menzi, Nezihe Ezgi"]
[Result "1-0"]
[PlyCount "63"]
[EventDate "2012.03.02"]
[EventType "swiss"]
[EventRounds "11"]
[EventCountry "TUR"]
[Source "lmi"]
[SourceDate "2012.03.02"]
[WhiteElo "2130"]
[BlackElo "1902"]

1. d4 d5 2. Nf3 c5 3. e3 Nf6 4. Bd3 g6 5. O-O Bg7 6. c3 c4 7. Bc2 Nc6 8. Ne5
Nxe5 9. dxe5 Ng4 10. f4 O-O 11. h3 Nh6 12. e4 Qb6+ 13. Qd4 Qxd4+ 14. cxd4 Rd8
15. Rd1 f6 16. exd5 Rxd5 17. g4 fxe5 18. fxe5 Nxg4 19. Nc3 Rd8 20. hxg4 Bxg4
21. Rd2 Bh6 22. Rg2 Bxc1 23. Rxc1 Rxd4 24. Be4 Rxe4 25. Nxe4 Bf3 26. Rxc4 Bxg2
27. Kxg2 Rd8 28. Rc7 Rd4 29. Kf3 Rb4 30. Rxe7 Rxb2 31. e6 Rb6 32. Nf6+ 1-0

[Event "Europa ch 2012 femenino"]
[Site "Gaziantep TUR"]
[Date "2012.03.04"]
[Round "3.48"]
[White "Martynkova, Olena"]
[Black "Kineva, Ekaterina"]
[Result "0-1"]
[PlyCount "114"]
[EventDate "2012.03.02"]
[EventType "swiss"]
[EventRounds "11"]
[EventCountry "TUR"]
[Source "lmi"]
[SourceDate "2012.03.02"]
[WhiteElo "1689"]
[BlackElo "2126"]

1. e4 c5 2. Nf3 Nc6 3. d4 cxd4 4. Nxd4 e5 5. Nb5 d6 6. N1c3 a6 7. Na3 b5 8. Nd5
Nge7 9. c3 Be6 10. Nxe7 Bxe7 11. Nc2 O-O 12. Ne3 Bg5 13. Nd5 Bxc1 14. Rxc1 Rb8
15. Be2 Ne7 16. Nxe7+ Qxe7 17. O-O Rfd8 18. Qc2 d5 19. Bd3 d4 20. Qe2 Rbc8 21.
cxd4 exd4 22. f4 f6 23. Kh1 Rc5 24. Rxc5 Qxc5 25. e5 f5 26. h3 Qd5 27. Kh2 Qd7
28. g4 Rf8 29. Qc2 g6 30. g5 Rc8 31. Qe2 Bxa2 32. Ra1 Qe6 33. Qf2 Rd8 34. Qc2
Bb3 35. Qd2 Bd5 36. Qa5 Rc8 37. Qxa6 Qxa6 38. Rxa6 Bc4 39. Bb1 Rd8 40. Bc2 d3
41. Bd1 Rd7 42. b3 Bd5 43. e6 Rd8 44. Rb6 Kf8 45. Rxb5 Bxe6 46. Re5 Bd5 47. Re3
Be4 48. Kg3 Kf7 49. Kf2 Ke6 50. Ke1 Kd5 51. Kd2 Kd4 52. Rg3 Ra8 53. Ke1 Ra2 54.
Kf1 Bd5 55. Ke1 Rb2 56. Kf1 Rb1 57. Ke1 Bxb3 0-1

[Event "Europa ch 2012 femenino"]
[Site "Gaziantep TUR"]
[Date "2012.03.04"]
[Round "3.49"]
[White "De Seroux, Camille"]
[Black "Arig, Busra"]
[Result "1-0"]
[PlyCount "95"]
[EventDate "2012.03.02"]
[EventType "swiss"]
[EventRounds "11"]
[EventCountry "TUR"]
[Source "lmi"]
[SourceDate "2012.03.02"]
[WhiteElo "2122"]
[BlackElo "1839"]

1. e4 c5 2. Nf3 e6 3. d4 cxd4 4. Nxd4 a6 5. Bd3 d5 6. exd5 Qxd5 7. O-O Nf6 8.
Nc3 Qd8 9. Re1 Be7 10. Be3 O-O 11. Qe2 Qc7 12. Rad1 b5 13. Bg5 Bb7 14. Nf5 exf5
15. Qxe7 Qc6 16. Bf1 Nbd7 17. Qd6 Rfe8 18. Qxc6 Bxc6 19. f3 Rxe1 20. Rxe1 Re8
21. Rd1 h6 22. Bh4 g5 23. Bf2 Ne5 24. Ne2 f4 25. Nd4 Bd7 26. Nb3 Bf5 27. c3
Nfd7 28. Rd4 Bb1 29. a3 Bc2 30. Nd2 Nc5 31. Rd6 Ncd3 32. Rxa6 Nxb2 33. Bxb5 Rd8
34. Bd4 Ng6 35. Nc4 Nd1 36. a4 Bd3 37. Nd6 Nb2 38. Bxd3 Nxd3 39. a5 Nge5 40.
Ne4 f5 41. Nd2 g4 42. Rxh6 Rb8 43. a6 Rb2 44. a7 Rxd2 45. a8=Q+ Kg7 46. Qh8+
Kf7 47. Qf6+ Ke8 48. Rh8+ 1-0

[Event "Europa ch 2012 femenino"]
[Site "Gaziantep TUR"]
[Date "2012.03.04"]
[Round "3.50"]
[White "Uta, Adeline-Ramona"]
[Black "Alev, Gonulden Seda"]
[Result "1-0"]
[PlyCount "83"]
[EventDate "2012.03.02"]
[EventType "swiss"]
[EventRounds "11"]
[EventCountry "TUR"]
[Source "lmi"]
[SourceDate "2012.03.02"]
[WhiteElo "2098"]
[BlackElo "1612"]

1. e4 c5 2. Nf3 d6 3. d4 cxd4 4. Nxd4 Nf6 5. Nc3 a6 6. Be3 e5 7. Nb3 Be6 8. f3
Be7 9. Qd2 Nbd7 10. g4 b5 11. g5 Nh5 12. Nd5 Bxd5 13. exd5 Nb6 14. O-O-O Rc8
15. Na5 Nc4 16. Bxc4 bxc4 17. Nc6 Qc7 18. Qb4 O-O 19. Qxc4 Ra8 20. Rd3 Rfe8 21.
Ra3 Qb7 22. Rd1 Bf8 23. Qg4 g6 24. Rdd3 f5 25. gxf6 Nxf6 26. Qh4 Qf7 27. c4 e4
28. Rd4 exf3 29. Rf4 Bg7 30. Bd4 Rf8 31. Raxf3 Qe8 32. Re3 Qf7 33. Re7 g5 34.
Qxg5 Qg6 35. Qxg6 hxg6 36. Kc2 Rac8 37. Re6 Nh5 38. Rxf8+ Rxf8 39. Rxd6 Bxd4
40. Nxd4 Rf2+ 41. Kc3 Nf4 42. Rxa6 1-0

[Event "Europa ch 2012 femenino"]
[Site "Gaziantep TUR"]
[Date "2012.03.04"]
[Round "3.51"]
[White "Dai, Irmak"]
[Black "Motycakova, Monika"]
[Result "0-1"]
[PlyCount "44"]
[EventDate "2012.03.02"]
[EventType "swiss"]
[EventRounds "11"]
[EventCountry "TUR"]
[Source "lmi"]
[SourceDate "2012.03.02"]
[WhiteElo "1592"]
[BlackElo "2087"]

1. e4 e5 2. Nf3 Nc6 3. Bb5 f5 4. d3 Bc5 5. O-O d6 6. a3 Nf6 7. Nc3 O-O 8. Bc4+
Kh8 9. Ng5 Qe7 10. Nd5 Nxd5 11. Bxd5 f4 12. Nxh7 Rd8 13. Qh5 g6 14. Qxg6 Qg7
15. Qxg7+ Kxg7 16. Ng5 Kf6 17. Nf3 Bg4 18. Nd2 Nd4 19. c3 Ne2+ 20. Kh1 Rh8 21.
Nb3 Rxh2+ 22. Kxh2 Rh8# 0-1

[Event "Europa ch 2012 femenino"]
[Site "Gaziantep TUR"]
[Date "2012.03.05"]
[Round "4.1"]
[White "Bodnaruk, Anastasia"]
[Black "Sandu, Mihaela"]
[Result "0-1"]
[PlyCount "168"]
[EventDate "2012.03.02"]
[EventType "swiss"]
[EventRounds "11"]
[EventCountry "TUR"]
[Source "lmi"]
[SourceDate "2012.03.02"]
[WhiteElo "2412"]
[BlackElo "2253"]

1. e4 c5 2. Nf3 d6 3. d4 cxd4 4. Nxd4 Nf6 5. Nc3 a6 6. h3 e6 7. g4 b5 8. g5
Nfd7 9. a3 Bb7 10. Be3 Nc6 11. Nxc6 Bxc6 12. Qd4 Qc7 13. h4 Qb7 14. h5 e5 15.
Qd3 f5 16. f3 f4 17. Bf2 Be7 18. Bh3 Nc5 19. Qd2 O-O 20. g6 h6 21. b4 Na4 22.
Nxa4 bxa4 23. Be6+ Kh8 24. O-O Rf6 25. Bf7 Rxf7 26. gxf7 Bf8 27. c4 Qxf7 28.
Rac1 Qxh5 29. Be1 Be7 30. Qh2 Qf7 31. Bc3 Bd7 32. c5 Qe6 33. cxd6 Bxd6 34. Rfd1
Bc7 35. Kh1 Bb5 36. Bb2 Rd8 37. Rxd8+ Bxd8 38. Rc5 Qb3 39. Qf2 Qd1+ 40. Kg2 Bh4
41. Rd5 Qxd5 42. Qxh4 Qd6 43. Qf2 Kh7 44. Kh2 Bc4 45. Ba1 Bb3 46. Bc3 Bd1 47.
Kg2 Bb3 48. Ba1 Bc4 49. Bb2 Bb5 50. Kh2 h5 51. Bc3 Kh6 52. Bb2 g5 53. Ba1 Kg6
54. Qg2 Bc4 55. Qc2 Bb3 56. Qc8 Qd2+ 57. Kh3 g4+ 58. fxg4 Qe3+ 59. Kh2 Qg3+ 60.
Kh1 Qh4+ 61. Kg2 Qxg4+ 62. Qxg4+ hxg4 63. Bxe5 Kg5 64. Bc7 Bc2 65. e5 Be4+ 66.
Kg1 Bd5 67. Bb8 Kf5 68. Bc7 Ke4 69. Bb8 Ke3 70. e6 Bxe6 71. Bc7 Bc4 72. Bd6 Bd3
73. Bc7 Kf3 74. Bd6 g3 75. Bc7 Kg4 76. Bb6 f3 77. Bc5 f2+ 78. Bxf2 gxf2+ 79.
Kxf2 Kf4 80. Ke1 Ke3 81. Kd1 Kd4 82. Kd2 Kc4 83. Kc1 Kb3 84. Kd2 Bh7 0-1

[Event "Europa ch 2012 femenino"]
[Site "Gaziantep TUR"]
[Date "2012.03.05"]
[Round "4.3"]
[White "Alexanian, Nelli"]
[Black "Girya, Olga"]
[Result "0-1"]
[PlyCount "122"]
[EventDate "2012.03.02"]
[EventType "swiss"]
[EventRounds "11"]
[EventCountry "TUR"]
[Source "lmi"]
[SourceDate "2012.03.02"]
[WhiteElo "2114"]
[BlackElo "2406"]

1. d4 d5 2. c4 c6 3. Nc3 Nf6 4. cxd5 cxd5 5. Bf4 Nc6 6. e3 a6 7. Bd3 Bg4 8. f3
Bh5 9. Qb3 Ra7 10. Nge2 e6 11. O-O Be7 12. Rac1 O-O 13. Na4 Nd7 14. e4 Nb4 15.
Bc7 Qe8 16. Bb6 dxe4 17. Bxe4 Nxb6 18. Nxb6 Nc6 19. d5 exd5 20. Qxd5 Bg6 21.
Nd7 Bxe4 22. fxe4 Nb4 23. Qd4 Ra8 24. Nxf8 Qxf8 25. Nf4 Rd8 26. Qc4 b5 27. Qb3
Qe8 28. a3 Nc6 29. Nd5 Nd4 30. Qd3 Ne6 31. Kh1 Bd6 32. Qf3 Be5 33. b4 f6 34.
Qg4 Kh8 35. h4 h5 36. Qe2 Nd4 37. Qf2 Qg6 38. Rce1 Bg3 39. Qxd4 Qg4 40. Rf3
Qxh4+ 41. Kg1 Qh2+ 42. Kf1 Qh1+ 43. Qg1 Qxg1+ 44. Kxg1 Bxe1 45. Rf5 Kg8 46.
Rxh5 Bg3 47. Rh3 Be5 48. Kf2 Kf7 49. Kg1 Kg8 50. Kf2 Kf7 51. a4 bxa4 52. Ra3 f5
53. Kf3 fxe4+ 54. Kxe4 Ke6 55. Rd3 a3 56. Rxa3 Rxd5 57. Rxa6+ Rd6 58. Ra4 Rd4+
59. Ke3 Kf5 60. Kf3 g5 61. Ke3 g4 0-1

[Event "Europa ch 2012 femenino"]
[Site "Gaziantep TUR"]
[Date "2012.03.05"]
[Round "4.4"]
[White "Ozturk, Hilal"]
[Black "Paikidze, Nazi"]
[Result "0-1"]
[PlyCount "68"]
[EventDate "2012.03.02"]
[EventType "swiss"]
[EventRounds "11"]
[EventCountry "TUR"]
[Source "lmi"]
[SourceDate "2012.03.02"]
[WhiteElo "1784"]
[BlackElo "2406"]

1. e4 c5 2. c3 g6 3. Nf3 Bg7 4. d4 cxd4 5. cxd4 d5 6. exd5 Nf6 7. Bb5+ Nbd7 8.
Nc3 a6 9. Ba4 O-O 10. d6 Nb6 11. Bb3 Qxd6 12. O-O Bf5 13. Re1 Rac8 14. Qe2 Nbd5
15. Nxd5 Nxd5 16. Bxd5 Qxd5 17. Qxe7 Bg4 18. Qe4 Qxe4 19. Rxe4 Be6 20. Be3 Bd5
21. Re7 Bf6 22. Rd7 Bc6 23. Rd6 Be7 24. Rxc6 Rxc6 25. Kf1 Rc2 26. Rb1 f5 27. g3
Bf6 28. Ne5 Rd8 29. Nf3 Rd5 30. Ke1 g5 31. Nxg5 Bxd4 32. Bxd4 Rxd4 33. Nf3 Re4+
34. Kd1 Rxf2 0-1